000 01659aam a2200301 i 4500
001 768714001
003 CO-MdFUSB
005 20211203084311.0
007 ta
008 211203t1988 sp |||| |||| 00| 0 spa d
020 _a8476452942
040 _bspa.
_aCO-MdFUSB
_cCO-MdFUSB
_dCO-MdFUSBC
_erda
041 _aspa
082 0 4 _a270.6092
_223
_bB5711i
100 1 _aBevan, Frances
_eautor
245 3 _aLa vida de Guillermo Farel
_c/ Frances Bevan
264 1 _aTerrassa, Barcelona, España :
_bClie,
_c[1988]
264 4 _c© 1988
300 _a334 páginas
_c; 20 cm
336 _atexto
_btxt
_2rdacontent
337 _2rdamedia
_asin mediación
_bn
338 _2rdacarrier
_avolumen
_bnc
505 _aDos cuadros. -- Los días de que habló Pablo. -- Un niño son Biblia. -- Cómo hizo uso Dios de los turcos, los judíos y los impresores. -- Cómo fue Guillermo a París. -- Cómo principiaron las tinieblas en la iglesia de Dios. -- Cómo se hicieron intensas las tinieblas. -- La insensatez de Dios que es más sabia que los hombres. -- Un ídolo ahogado y un santo quemado. -- Feliz comunión; y sólo con cristo. -- Amigos y colaboradores. -- La palabra que es como martillo que quebranta la piedra. -- El sermón de Padre Miguel. -- El rompimiento del pan. -- Una tarde en la rectoría. -- La adoración en espíritu y en verdad. -- Una escapada difícil. -- Una llegada inesperada. -- Una carta que puede ser para vosotros. -- Los amigos de Ginebra. -- Juan Calvino. -- Extranjero y peregrino. -- Siete años llenos de acontecimientos.
563 _aRústico
650 0 _91238
_aBiografías cristianas
942 _cBK
945 _aJTF-925
999 _c39501
_d39501